00512 2200193 4500001002100000005001500021035002000036245004100056100001400097250000600111300003300117260004000150082001400190084002000204020002200224008004100246650002000287990001100307INLIS00000000000100420240827023552 a0010-01210000091 aSepotong Hati yang Baru /cTere Liye0 aTere Liye a1 avi+206 hlm :bIlust ;c20 cm aJakarta :bMAHAKA PUBLISHING,c2012 a899.221'3 a899.221'3 TER s a978-602-9474-04-6240827 0  4aFiksi Indonesia a001678